Andy Warhol: A Factory

Bibliographic Details
Main Author: Celant, Germano, 1940-2020 (Author)
Format: Book
Language:German
PhysicalDescription:[30] s., 570 s. obr. časť fotogr., reprod. 20 cm
Published: Ostfildern Gerd Hatje c1998
ISBN:3775707735
Subjects:

MARC

LEADER 00000nam a2200000 a 4500
001 vtls001362483
003 SK-MaSNL
005 20260301115113.0
008 251124s1998 DE ac rb 0 ger
015 |a SNBZSA1999-00155 
020 |a 3775707735 
035 |a SNK000316080 
040 |a SNK  |b slo  |c SNK  |e AACR2 
041 0 |a ger 
044 |a DE 
080 |a 75.071.1(084.12)=30  |2 1981 
080 |a 929 Warhol, Andy  |2 1981 
245 1 |a Andy Warhol: A Factory  |c [Germano Celant ... [et al.]] 
260 |a Ostfildern  |b Gerd Hatje  |c c1998 
300 |a [30] s., 570 s. obr. časť  |b fotogr., reprod.  |c 20 cm 
500 |a Fotogr. na obál. 
500 |a Údaj o aut. prevzatý z tir. 
504 |a Zoz. reprod. Citáty 
521 |a Vyd. pri príležitosti rovnomennej výstavy v: Kunstmuseum Wolfsburg 3. Oktober 1998-10. Januar 1999; Kunsthalle Wien 5. Februar-2. Mai 1999 
600 1 |a Warhol, Andy,  |d 1928-1987  |2 SNK  |9 97490 
655 7 |a obrazové publikácie  |2 SNK  |9 70343 
700 1 |a Celant, Germano,  |d 1940-2020  |4 aut  |9 260613 
919 |a 3-7757-0773-5 
958 |a ZS 
958 |a TL 
958 |a US 
958 |a DE 
958 |a BX 
999 |c 720951  |d 722881 
952 |t P60, <03>, [BOOK], {603}  |a SNK  |b SNK  |y PREZ  |7 0  |p 17A0192377  |o snkSD 70071  |i snkV 486/99  |0 0  |1 0  |4 0  |d 1999-05-06  |l 0  |r 2005-01-02 00:00:00  |w 2026-02-23